01061cam a22002531 4500001001300000003000400013005001700017008004100034010001700075040001800092050002400110050002300134100003100157245012800188260003200316300003200348490004100380500010600421505007400527533005600601700005600657700003800713700005600751ca 10001983 DLC20260227111052.0780522s1887 nyu a 000 1 eng  aca 10001983  aDLCcDLCdDLC10aPZ3.L25bHdaPR487600aMicrofilm 76117 PZ1 a[Lang, Andrew]d1844-1912.10aHe.cBy the author of "It," "King Solomon's wives," "Bess," "Much darker days," "Mr. Morton's subtler," and other romances. aNew York,bG. Munroc[1887] a4 p.l., [11]-132 p.c19 cm.0 aSeaside library. Pocket ed.vno. 966 aA parody of She by Sir H. R. Haggard; another parody with the same title was written by J. De Morgan.0 aHe.--A siege baby, and Childhood's memories. By J. S. Winter [pseud.] aMicrofilm.bWashington, D.C.,cLibrary of Congress.1 aPollack, Walter Herries,d1850-1926,ejoint author.1 aWinter, John Strange,d1856-1911.1 aHaggard, H. Riderq(Henry Rider),d1856-1925.tShe.